DSE (HI) MANUAL FUNDAMENTAL OF HEARING (Record no. 18010)
[ view plain ]
| 000 -LEADER | |
|---|---|
| fixed length control field | 00297nam a22001337a 4500 |
| 003 - CONTROL NUMBER IDENTIFIER | |
| control field | SGT |
| 020 ## - INTERNATIONAL STANDARD BOOK NUMBER | |
| International Standard Book Number | 81-739-804-X |
| 082 ## - DEWEY DECIMAL CLASSIFICATION NUMBER | |
| Classification number | 617.8 |
| Item number | D10B |
| 100 ## - MAIN ENTRY--PERSONAL NAME | |
| Personal name | BANTWAL, ANURADHA |
| 245 ## - TITLE STATEMENT | |
| Title | DSE (HI) MANUAL FUNDAMENTAL OF HEARING |
| 260 ## - PUBLICATION, DISTRIBUTION, ETC. (IMPRINT) | |
| Place of publication, distribution, etc | INDIA |
| Name of publisher, distributor, etc | RCI |
| Year of Publication | 2010 |
| 300 ## - PAGE DESCRIPTION | |
| No. of Pages | 153 |
| 942 ## - ADDED ENTRY ELEMENTS (KOHA) | |
| Source of classification or shelving scheme | Dewey Decimal Classification |
| Koha item type | Books |
| Withdrawn status | Lost status | Source of classification or shelving scheme | Damaged status | Not for loan | Collection code | Home library | Current library | Shelving location | Date acquired | SGTU | Total Checkouts | Full call number | Accession No. (Barcode) | Date last seen | Bill Date | Koha item type |
|---|---|---|---|---|---|---|---|---|---|---|---|---|---|---|---|---|
| Dewey Decimal Classification | Not For Loan | MEDICAL | SGT Medical Library | SGT Medical Library | Reference Book | 15/05/2019 | SGTU | 617.8 D10B | FM11302 | 15/05/2019 | 15/05/2019 | Books | ||||
| Dewey Decimal Classification | Not For Loan | MEDICAL | SGT Medical Library | SGT Medical Library | Reference Book | 15/05/2019 | SGTU | 617.8 D10B | FM11303 | 15/05/2019 | 15/05/2019 | Books |